000 00921nam a22002417a 4500
005 20121221150323.0
008 121221t xxu||||| |||| 00| 0 eng d
010 _aENG-106482
020 _a9788178359304
_c870.00
035 _aEN-90015
037 _bDBAD/PUB
040 _aDPL
_bENG
100 _954518
_aGorjiposhti, Marzieh
245 _aChange in the lifestyle among Iranian urban women :
_cby Marzieh Gorjiposhti [and] Anjali Kurane
_ba case study of Tonekabon, Iran /
260 _aDelhi
_bKalpaz Publications
_c2013
270 _aC-30, Satyawati Nagar
_bDelhi
_e110052
_k9212729499
_mkalpaz@hotmail.com
300 _a202p.
_c23cm (Hb)
500 _aincludes bibliographical references and index
650 _925408
700 _925409
_aKurane, Anjali
942 _2ddc
_cEN
_mGOR
999 _c72418
_d72418